Normal view
MARC view
- Baloc, Aḥmad Yār.
Entry Personal Name
001 - CONTROL NUMBER
- control field: 4596
003 - CONTROL NUMBER IDENTIFIER
- control field: NUST
005 - DATE AND TIME OF LATEST TRANSACTION
- control field: 20170914111254.0
008 - FIXED-LENGTH DATA ELEMENTS
- fixed length control field: 170914|| aca||aabn | a|a d
040 ## - CATALOGING SOURCE
- Original cataloging agency: NUST
- Transcribing agency: NUST
100 ## - HEADING--PERSONAL NAME
- Personal name: Baloc, Aḥmad Yār.
670 ## - SOURCE DATA FOUND
- Source citation: Work cat.: (NUST)0: Baloc, Aḥmad Yār., Tārīk̲h̲-i Baloc qaum va k̲h̲avānīn-i Baloc /, 2007.
